CRM RENDSZER BEVEZETÉSÉNEK BEMUTATÁSA ÉS TOVÁBBFEJLESZTÉSÉNEK LEHETŐSÉGEI A GET-ENERGY MAGYARORSZÁG KFT.-NÉL

Bibliographic Details
Main Author: Szabó Ádám
Other Authors: Réthi Dr Gábor
Format: Thesis
Kulcsszavak:CRM
CRM KKV-s környezetben
ügyfélkezelés, CRM, ügyfél
Online Access:http://dolgozattar.uni-bge.hu/21058

MARC

LEADER 00000nta a2200000 i 4500
001 dolg21058
005 20190514083659.0
008 190514suuuu hu om 000 hun d
040 |a BGE Dolgozattár Repozitórium  |b hun 
041 |a hu 
100 1 |a Szabó Ádám 
245 1 0 |a CRM RENDSZER BEVEZETÉSÉNEK BEMUTATÁSA ÉS TOVÁBBFEJLESZTÉSÉNEK LEHETŐSÉGEI A GET-ENERGY MAGYARORSZÁG KFT.-NÉL  |c Szabó Ádám  |h [elektronikus dokumentum] 
246 1 1 |a CRM RENDSZER BEVEZETÉSÉNEK BEMUTATÁSA ÉS TOVÁBBFEJLESZTÉSÉNEK LEHETŐSÉGEI A GET-ENERGY MAGYARORSZÁG KFT.-NÉL 
695 |a CRM 
695 |a CRM KKV-s környezetben 
695 |a ügyfélkezelés, CRM, ügyfél 
700 1 |a Réthi Dr Gábor  |e ths 
856 4 0 |u http://dolgozattar.uni-bge.hu/21058/12/Szab%C3%B3%20%C3%81d%C3%A1m_O7BLMK_VF_SZAKDOLGOZAT%20190513.pdf  |z Dokumentum-elérés 
856 4 0 |u http://dolgozattar.uni-bge.hu/21058/18/Szab%C3%B3%20%C3%81d%C3%A1m_O7BLMK_VF_%20Szakdolgozat_titkos%C3%ADt%C3%A1si_k%C3%A9relem_190509.pdf  |z Dokumentum-elérés